01327nam a2200373 i 450000100060000000300080000600500170001400600190003100700150005000800410006502000270010602000280013303500220016104000310018305000220021408000100023608200170024610000380026324501170030125000230041826400540044130000410049533600310053633700330056733800430060050000220064358800830066565000190074865000230076765500270079070000380081770000350085585600630089038626FINmELB20241216221609.0m o d | cr cnu||||||||211026s2021 mx o 001 0 spa d a9786076296042q(print) a9786076296639q(e-book) a(OCoLC)1285724732 aFINmELBbspaerdacFINmELB 4aHD4981bP438 2021 a331.204a331.29722231 aPérez Chávez, José,eautor.10aSueldos y salarios :bpersonas físicas · Guía práctica /cJosé Pérez Chávez, Raymundo Fol Olguín. asegunda edición. 1aCiudad de México :bTax Editores Unidos,c2021. a1 recurso en línea (145 páginas) atextobtxt2rdacontent/spa acomputadorabc2rdamedia/spa arecurso en líneabcr2rdacarrier/spa aIncluye índice. aDescripción basada en metadatos suministrados por el editor y otras fuentes. 0aWageszMexico. 4aSueldoszMéxico. 4aLibros electrónicos.1 aCampero Guerrero, Eladio,eautor.1 aFol Oguín, Raymundo,eautor.40uhttps://elibro.net/ereader/politecnicointernacional/175132